Animaux endémiques d'Australie en images - Statistiques

Statistiques générales
  • Ce quiz a été pris 44 fois
  • Le résultat moyen est 5 sur 15
Statistiques - réponses
Par images Hint Réponse % Correct
Sarcophilus harrisii Diable de Tasmanie
80%
Dromaius novaehollandiae Émeu d’Australie
75%
Phascolarctos cinereus Koala
75%
Ornithorhynchus anatinus Ornithorynque
68%
Moloch horridus Moloch
45%
Macropus rufus Kangourou roux
28%
Dacelo novaeguineae Martin-chasseur géant
23%
Vombatus ursinus Wombat commun
23%
Pogona vitticeps Agame barbu
20%
Oxyuranus microlepidotus Taïpan du désert
15%
Eolophus roseicapilla Cacatoès rosalbin
13%
Crocodylus johnsoni Crocodile de Johnston
13%
Sutorectus tentaculatus Requin-tapis cordonnier
8%
Pseudocheirus peregrinus Possum à queue en anneau
5%
Varanus giganteus Varan perenti
5%
Aucun quiz correspondant
Distribution des résultats
% des personnes avec chaque résultat
Percentile par nombre de réponses
Votre historique - résultats
Vous n’avez pas pris ce quiz